| 000 | 01067cam a22002891i 4500 | ||
|---|---|---|---|
| 003 | SA-RiAUC | ||
| 005 | 20251221135046.0 | ||
| 008 | 251201s1995 su o g b 00010 ara c | ||
| 020 | _a9960279065 | ||
| 040 |
_aSA-JeALM _bara _cSA-RiAUC. _erda |
||
| 043 | _aa-su--- | ||
| 082 | 0 | 4 |
_a215.1 _qSA-RiAUC |
| 090 |
_a215.1 _bع ب ا |
||
| 100 | 1 |
_aعباس، حامد _eمؤلف. |
|
| 245 | 1 | 0 |
_aقصة التوسعة الكبرى / _cحامد عباس. |
| 250 | _aالطبعة الأولى. | ||
| 264 | 1 |
_aجدة، السعودية : _bمجموعة بن لادن السعودية، _c1995 |
|
| 300 |
_a553 صفحة : _bصور ؛ _c28 سم. |
||
| 336 |
_aنص _btxt _2rdacontent _3كتاب |
||
| 337 |
_aبدون وسيط _bn _2rdamedia |
||
| 338 |
_aمجلد _bnc _2rdacarrier |
||
| 504 | _aيشتمل على ببليوجرافية. | ||
| 610 | 2 | 7 |
_aالمسجد الحرام _xتاريخ _yفهد بن عبد العزيز، 1402-1426 هجري. _2aucnm |
| 942 |
_2ddc _cBOOK _n0 |
||
| 949 |
_aSA-JeALM _d251201 _uosman123 _n1 |
||
| 999 |
_c13616 _d13616 |
||